000 00315nam a22001337a 4500
008 170712b xxu||||| |||| 00| 0 eng d
020 _a9780965016070
041 _aeng
080 _a038
100 _a23
101 _aFJA
245 _aOXFORD DICTIONARY OF FOREIGN WORDS AND PHRASES
_cSPEAKE, J
942 _2udc
_cBK
999 _c20362
_d20362